000 01146cam a2200337 i 4500
001 015380591
003 EG-ScBUE
005 20241217091036.0
008 090723t2010 njua f b 001 0 eng d
020 _a9780470462720 (hbk.)
020 _a0470462728 (hbk.)
040 _aStDuBDS
_beng
_erda
_cStDuBDS
_dUk
_dEG-ScBUE
082 0 4 _a519.72
_222
_bBAZ
100 1 _aBazaraa, M. S.,
_eauthor.
245 1 0 _aLinear programming and network flows /
_cMokhtar S. Bazaraa, John J. Jarvis, Hanif D. Sherali.
250 _aFourth edition.
264 1 _aHoboken, New Jersey :
_bJohn Wiley & Sons, Inc.,
_c[2010]
264 4 _cc2010
300 _axiv, 748 pages :
_bcharts, forms, tables ;
_c25 cm
336 _2rdacontent
_atext
_btxt
337 _aunmediated
_2rdamedia
_bn
338 _avolume
_bnc
_2rdacarrier
504 _aIncludes bibliographical references and index.
650 7 _aLinear programming.
_2BUEsh
650 7 _aNetwork analysis (Planning)
_2BUEsh
653 _bCOMSCI
_cMarch2014
655 _vReading book
_933728
700 1 _aJarvis, John J.,
_eauthor.
700 1 _aSherali, Hanif D.,
_d1952-
_eauthor.
942 _2ddc
_cBB
999 _c18123
_d18095